000
00421nam a2200145Ia 4500
008
100122s9999 xx 000 0 und d
082
_b
31580
_a
823
100
_a
लवंगारे ज
245
_a
प्रेमबंधन
260
_b
ललित नाटय प्रकाशन
_c
1981
300
_a
95
630
_a
प्रेमबंधन
730
_a
प्रेमबंधन
942
_c
BOOK
999
_c
416141
_d
416138